LIBRARY & INFORMATION CENTRE, KCAET, TAVANUR

ONLINE PUBLIC ACCESS CATALOGUE (OPAC)

Hand book of crop pest control / (Record no. 6743)

MARC details
000 -LEADER
fixed length control field 00450cam a2200181ua 4500
041 ## - LANGUAGE CODE
Language code of text/sound track or separate title eng
082 ## - DEWEY DECIMAL CLASSIFICATION NUMBER
Classification number 632
Item number MAR/HA
100 ## - MAIN ENTRY--AUTHOR NAME
Personal name Marwaha, K K .
245 ## - TITLE STATEMENT
Title Hand book of crop pest control /
250 ## - EDITION STATEMENT
Edition statement 1 /
260 ## - PUBLICATION, DISTRIBUTION, ETC. (IMPRINT)
Place of publication New Delhi :
Name of publisher Kalyani Publishers ,
Year of publication 1994.
300 ## - PHYSICAL DESCRIPTION
Number of Pages 86 ; .
700 1# - ADDED ENTRY--PERSONAL NAME
Personal name Siddique, K H .
700 1# - ADDED ENTRY--PERSONAL NAME
Personal name Singh, J P .
942 ## - ADDED ENTRY ELEMENTS (KOHA)
Koha item type Books
Holdings
Withdrawn status Lost status Damaged status Home library Current library Date acquired Full call number Accession Number Koha item type
      KAUAET KAUAET 07/04/2012 632 18890 Books
free website counter